LEADER 01484nam a2200337 u 4500 001 000000062489 003 CaOOAMICUS 005 20070226121135.0 008 011001s1993 it f u000 u ita u 020 $a881318185X 035 $a10904837 040 $aPUL(R)$bita 100 1 $aBisogno, Enrico.$0(OLS)http://pul/name/42573 245 12$aL'immigrazione straniera in Veneto e Friuli-Venezia Giulia :$baspetti demografici ed economici /$cEnrico Bisogno, Chiara Gatto, Fabio Neri. 260 $aPadova :$bCEDAM,$cc1993. 300 $a351 p. :$bill ;$c20 cm 490 1 $aQuaderni di Economia 504 $aBibliografia: p. 233. 650 4$aImmigrazione.$0(OLS)http://pul/subject/18885 651 4$aVeneto.$0(OLS)http://pul/subject/23632 651 4$aFriuli-Venezia Giulia.$0(OLS)http://pul/subject/23633 700 1 $aNeri, Fabio.$0(OLS)http://pul/name/42575 700 1 $aGatto, Chiara.$0(OLS)http://pul/name/42574 830 0$aQuaderni di Economia.$0(OLS)http://pul/title/83376 850 $aPUL 852 $aPUL$W1$xDP1 Cons. Gen., Altre Classi 1$y22$m46 Q 30$j81243$nBK-PRI$b $qStampati$B81243$CPULBib$Z2$F81243 $H $81 941 1 $a8 961 $aINV: 73936 996 $6020$a881318185X$9(OLS)http://pul/number/81058 996 $6245$aL'immigrazione straniera in Veneto e Friuli-Venezia Giulia :$baspetti demografici ed economici$9(OLS)http://pul/title/83375 996 $6260$aPadova :$bCEDAM$9(OLS)http://pul/publisher/48126 LEADER 01179nam a2200289 u 4500 001 000000071812 003 CaOOAMICUS 005 20070226122155.0 008 020605s1987 it u000 u ita u 035 $a10932152 040 $aPUL(R)$bita 041 1 $aita$heng 100 1 $aHeschel, Abraham Joshua,$d1907-1972.$0(OLS)http://pul/name/400 240 10$aMan is not alone.$lItaliano.$0(OLS)http://pul/title/94512 245 12$aL'uomo non è solo :$buna filosofia della religione /$cAbraham Joshua Heschel ; introduzione di Cristina Campo. 250 $a5. ed. 260 $aMilano :$bRusconi,$c1987. 300 $a310 p. ;$c23 cm 504 $aBibliografia in nota. 650 4$aReligione$xFilosofia.$0(OLS)http://pul/subject/397 700 1 $aCampo, Cristina.$0(OLS)http://pul/name/403 850 $aPUL 852 $aPUL$W1$xDP1 Cons. Gen., Altre Classi 1$y22$m780 A 65$j92892$nBK-PRI$b $qStampati$B92892$CPULBib$Z2$F92892 $H $81 941 1 $a8 961 $aINV: 57024 996 $6245$aL'uomo non è solo :$buna filosofia della religione$9(OLS)http://pul/title/495 996 $6260$aMilano :$bRusconi$9(OLS)http://pul/publisher/47863